Welcome to CU Library Online Public Access Catalogue (OPAC)

Critical thinking / (Record no. 3101)

MARC details
000 -LEADER
fixed length control field 00899cam a2200253 a 4500
001 - CONTROL NUMBER
control field 11873060
005 - DATE AND TIME OF LATEST TRANSACTION
control field 20250127153311.0
008 - FIXED-LENGTH DATA ELEMENTS--GENERAL INFORMATION
fixed length control field 991220s2001 caua 001 0 eng
020 ## - INTERNATIONAL STANDARD BOOK NUMBER
International Standard Book Number 076741067X
050 00 - LIBRARY OF CONGRESS CALL NUMBER
Classification number B105.T54
Item number M66 2001
082 00 - DEWEY DECIMAL CLASSIFICATION NUMBER
Classification number 160
Edition information 21
100 1# - MAIN ENTRY--PERSONAL NAME
Personal name Moore, Brooke Noel.
245 10 - TITLE STATEMENT
Title Critical thinking /
Statement of responsibility, etc. Brooke Noel Moore, Richard Parker.
250 ## - EDITION STATEMENT
Edition statement 6th ed.
260 ## - PUBLICATION, DISTRIBUTION, ETC.
Place of publication, distribution, etc. Mountain View, Calif. :
Name of publisher, distributor, etc. Mayfield Pub.,
Date of publication, distribution, etc. c2001.
300 ## - PHYSICAL DESCRIPTION
Extent xx, 522, [82] p. :
Other physical details ill. ;
Dimensions 23 cm.
500 ## - GENERAL NOTE
General note "Chapter 13 by Nina Rosenstand and Anna Silvers."
500 ## - GENERAL NOTE
General note Includes index.
650 #0 - SUBJECT ADDED ENTRY--TOPICAL TERM
Topical term or geographic name entry element Critical thinking.
700 1# - ADDED ENTRY--PERSONAL NAME
Personal name Parker, Richard
Fuller form of name (Richard B.).
856 42 - ELECTRONIC LOCATION AND ACCESS
Materials specified Publisher description
Uniform Resource Identifier <a href="http://www.loc.gov/catdir/enhancements/fy0702/99086473-d.html">http://www.loc.gov/catdir/enhancements/fy0702/99086473-d.html</a>
856 41 - ELECTRONIC LOCATION AND ACCESS
Materials specified Table of contents only
Uniform Resource Identifier <a href="http://www.loc.gov/catdir/enhancements/fy0702/99086473-t.html">http://www.loc.gov/catdir/enhancements/fy0702/99086473-t.html</a>
942 ## - ADDED ENTRY ELEMENTS (KOHA)
Source of classification or shelving scheme Library of Congress Classification
Koha item type Books
Suppress in OPAC No
999 ## -
-- 3101
-- 3101
Holdings
Withdrawn status Lost status Source of classification or shelving scheme Damaged status Not for loan Collection Home library Current library Shelving location Date acquired Total checkouts Full call number Barcode Date last seen Copy number Price effective from Koha item type
    Library of Congress Classification     Non-fiction Graduate Library (Christ Temple) Graduate Library (Christ Temple) General stacks 01/27/2025   B 105.T54 MOO GSCT00000360 01/27/2025 1 01/27/2025 Books
    Library of Congress Classification     Non-fiction Graduate Library (Christ Temple) Graduate Library (Christ Temple) General stacks 01/27/2025   B 105.T54 MOO GSCT00000361 01/27/2025 2 01/27/2025 Books
© 2023-2024 Copyright: Central University Libraries. All Rights Reserved | Created by: Mahone Tech Office